00840cam a22002297a 4500003000500000005001700005008004100022010001000063011001000073035001100083040000900094100003300103245016500136260003700301300003000338502012400368650002600492650001600518650002800534650002300562650002500585CHAP20220329143047.0051122d2005 mx a r 00110 spa d a91364 a92336 a102900 cCHAP00aMaldonado Avilez, Wenceslao.10aCaracterísticas vegetativas y reproductivas de tres cultivares de Brachiaria spp. sembrados bajo distintos niveles de agrogelc/por Wenceslao Maldonado Avilez aCocula, Gro. :bEl autor,c2005. a96 h. :bilus. ; gráfs. aTesis (Ing. Agr. Zootecnista) -- Colegio Superior Agropecuario del Estado de Guerrero. Centro de Estudios Profesionales14aBrachiaria brizantha.14aBrachiaria.14aLeguminosas forrajeras.14aPastos forrajeros.14aSemillas forrajeras.